MARC details
| 000 -BAŞLIK |
| Sabit Uzunlukta Kontrol Alanı |
01158nam a22002297a 4500 |
| 999 ## - SİSTEM KONTROL NUMARALARI (KOHA) |
| Koha Biblionumber |
15322 |
| Koha Biblioitemnumber |
15322 |
| 003 - KONTROL NUMARASI IDENTIFIER |
| Denetim Alanı |
MIRAKIL |
| 005 - SON İŞLEM TARİHİ VE ZAMANI |
| Denetim Alanı |
20240208132526.0 |
| 008 - SABİT-BOY VERİ ELEMANLARI - GENEL BİLGİLER |
| Sabit Uzunlukta Kontrol Alanı |
240208b tu ||||| |||| 00| 0 tur d |
| 020 ## - ULUSLARARASI STANDART KİTAP NUMARASI |
| Uluslararası Standart Kitap Numarası |
9789944612852 |
| 040 ## - KATALOGLAMA KAYNAK |
| Orijinal Kataloglama Ajansı |
TR-AnCHP |
| Metne Dönüştürmek Ajansı |
TR-AnCHP |
| 041 ## - DİL KODU |
| Metin / Ses Parça Veya Ayrı Başlığın Dil Kodu |
Türkçe |
| 082 ## - DEWEY ONLU SINIFLANDIRMA NUMARASI |
| Sınıflandırma Numarası |
330.9561 |
| Ürün Numarası |
A13e 2020 |
| 245 10 - BAŞLIK TABLOSU |
| Başlık |
Ekonomide yeni arayışlar / |
| Sorumluluk Tablosu, Vb |
yayına hazırlayan : Murat Aksoy ; yazarlar : Daron Acemoğlu, Selva Demiralp, Osman Berke Duvan, Uğur Emek , Ferhat Emi, Yulia Finogenova, Uğur Gürses, Refet Gürkaynak, Öner Günçavdı, Ömer Gencal, Ekrem İmamoğlu, Zümrüt İmamoğlu, Kemal Kılıçdaroğlu, Haluk Levent, Zeydan Karalar, Saleh Mammadov, Türda Özmen, Faik Öztrak, Serdar Sayan, Vahap Seçer, İlhan Tekeli, Kamil Yılmaz, Hakkı Hakan Yılmaz, Glendal Wright. |
| 246 ## - UNVAN FORM VARYING |
| Başlık Doğru / Kısa Başlığı |
Maltepe Ekonomi Forumu |
| 250 ## - EDITION TABLOSU |
| Baskı Beyanı |
2. bs. |
| 260 ## - YAYIN, DAĞITIM, VB |
| Yayın, Dağıtım, Vb Yeri |
İstanbul : |
| Yayıncı, Dağıtıcı, Vs Adı |
Tekin Yayınevi , |
| Yayın, Dağıtım, Vb Tarihi |
2020 |
| 300 ## - FİZİKSEL TANIM |
| Kapsam |
263 sayfa : |
| Diğer Fiziksel Ayrıntıları |
grafik, tablo ; |
| Boyutlar |
21 cm. |
| 650 #0 - KONU KATMA GİRİŞ - TOPİKAL DÖNEM |
| 9 (RLIN) |
396 |
| Topikal Süreli Veya Coğrafi Ad Giriş Elemanı |
Ekonomi |
| Genel Alt Bölümü |
Türkiye |
| 651 #0 - KONU KATMA GİRİŞ - COĞRAFİ ADI |
| 9 (RLIN) |
5416 |
| Coğrafi İsim |
Türkiye |
| Genel Alt Bölümü |
Maltepe ekonomi forumu |
| 856 ## - ELEKTRONİK YER VE ERİŞİM |
| Kamu Notu |
Dijital Nüshası için Partimizin Kütüphane Sorumlusu ile iletişime geçiniz. |
| 942 ## - EKLENDİ GİRİŞ ELEMANLARI (KOHA) |
| Sınıflandırma Veya Raf Düzeni Kaynak |
Dewey Decimal Classification |
| Koha Öğesi Türü |
Books |